KOHA-Header-6

Electrical Power Systems (Concept , Theory and Practice) (Record no. 335)

000 -LEADER
fixed length control field 00332nam a2200121Ia 4500
008 - FIXED-LENGTH DATA ELEMENTS--GENERAL INFORMATION
fixed length control field 190722s9999 xx 000 0 und d
020 ## - INTERNATIONAL STANDARD BOOK NUMBER
International Standard Book Number 978-81-203-4951-3
100 ## - MAIN ENTRY--PERSONAL NAME
Personal name Subir Ray
245 #0 - TITLE STATEMENT
Title Electrical Power Systems (Concept , Theory and Practice)
260 ## - PUBLICATION, DISTRIBUTION, ETC. (IMPRINT)
Place of publication, distribution, etc New Delhi
Name of publisher, distributor, etc PHI Learning Pvt. Ltd.
Date of publication, distribution, etc 2014
300 ## - PHYSICAL DESCRIPTION
Extent 682
942 ## - ADDED ENTRY ELEMENTS (KOHA)
Koha item type Books
Holdings
Withdrawn status Lost status Source of classification or shelving scheme Damaged status Not for loan Collection code Permanent Location Current Location Shelving location Date acquired Full call number Barcode Date last seen Price effective from Koha item type
          Electrical Engineering MAJU MAJU Shelf No.A25 2019-07-22 621.3191 6961 2019-07-22 2019-07-22 Electrical Engineering

Powered by Koha